| 000 | 00718nam a22002057a 4500 | ||
|---|---|---|---|
| 999 |
_c10402 _d10402 |
||
| 003 | AR-CdUCM | ||
| 008 | 190401b ||||| |||| 00| 0 spa d | ||
| 040 |
_aMUNICIPALIDAD PROVINCIAL DEL CUSCO _cBIBLIOTECA MUNICIPAL DEL CUSCO |
||
| 082 |
_a985.006 / _bT36 /1965 |
||
| 100 |
_aTemple, Ella Dunbar, _927233 |
||
| 245 | _aLa Gaceta de Lima del siglo XVIII, facsímiles de seis ejemplares raros de este periódico / | ||
| 260 |
_aLima : _bUNMSM, _c1965. |
||
| 300 |
_a52, [41] p. : facsíms. ; _c 24 cm. |
||
| 440 |
_aSerie registro historcio _nII _927234 |
||
| 650 |
_aGaceta Limeña _927235 |
||
| 650 |
_aHistoria Peuana _927236 |
||
| 650 |
_aUnivesidad San Marcos _927237 |
||
| 942 |
_2ddc _cLIBROS |
||
| 945 | _awnts | ||